00625nam a2200181Ia 4500008004100000082001700041100001800058245004600076250000800122260002500130300001100155500002400166650001500190942000700205952010700212952010700319999001700426230524s9999 xx 000 0 und d a621.382bNAS aSyed A. Nasar 0aElectric Machines and Power Systems Vol-1 a1ST aNEW DELHIbTMHc2003 aXI;405 aQuantity Number: 2 aElectrical cBK 00104070aTATCLbTATCLcGENd2023-05-24l0o621.382 NASp16074r2023-05-24w2023-05-24yBKzBCSE3303 00104070aTATCLbTATCLcGENd2023-05-24l0o621.382 NASp16075r2023-05-24w2023-05-24yBKzBCSE3303 c36743d36743